000 00548nam a2200145Ia 4500
008 090124s9999 xx 000 0 und d
082 _b201391
245 _a तुकाराम महाराजांची गुरुपरंपरा
250 _a1
260 _bभागवत वा.पु.
_c1960
300 _a248
630 _a तुकाराम महाराजांची गुरुपरंपरा
730 _a तुकाराम महाराजांची गुरुपरंपरा
942 _cBOOK
999 _c182972
_d182972